[Event "Enger Knappen Cup op-B"]
[Site "Enger"]
[Date "2009.12.28"]
[Round "4"]
[White "Moradi Kahlou, Benjamin"]
[Black "Heidrich, Bernd"]
[Result "1-0"]
[WhiteElo "1102"]
[BlackElo "1392"]
[PlyCount "45"]
[EventDate "2009.12.27"]
[EventType "swiss"]
[EventRounds "7"]
[EventCountry "GER"]
[SourceTitle "EXT 2011"]
[Source "ChessBase"]
[SourceDate "2010.11.26"]
[SourceVersion "1"]
[SourceVersionDate "2010.11.26"]
[SourceQuality "1"]

1. e4 e6 2. d4 d5 3. Bd3 dxe4 4. Bxe4 Nf6 5. Bd3 Nc6 6. c3 Be7 7. Nf3 0-0 8. 0-0 Bd6 9. Bg5 h6 10. Bh4 Re8 11. Nbd2 e5 12. d5 e4 13. Nxe4 Be7 14. dxc6 Nxe4 15. Bxe4 bxc6 16. Qxd8 Bxd8 17. Bxd8 Rxd8 18. Rfe1 Bb7 19. Rad1 Rf8 20. Bc2 Ba6 21. Bd3 Bb7 22. Be4 Rad8 23. Bc2 1-0